| 000 -LEADER |
| fixed length control field |
00675nam a22001937a 4500 |
| 005 - DATE AND TIME OF LATEST TRANSACTION |
| control field |
20250918200123.0 |
| 008 - FIXED-LENGTH DATA ELEMENTS--GENERAL INFORMATION |
| fixed length control field |
250918s2002 ge ||||| |||| 00| 0 goh d |
| 020 ## - INTERNATIONAL STANDARD BOOK NUMBER |
| International Standard Book Number |
9992891378 |
| 041 ## - LANGUAGE CODE |
| Language code of text/sound track or separate title |
goh |
| 080 ## - UNIVERSAL DECIMAL CLASSIFICATION NUMBER |
| Universal Decimal Classification number |
811. 112.2 G-98 |
| 100 ## - MAIN ENTRY--PERSONAL NAME |
| Personal name |
Gvenzadze, Mzia |
| 9 (RLIN) |
25844 |
| 245 ## - TITLE STATEMENT |
| Title |
Einführung in die Stilistik der deutschen Sprache : |
| Remainder of title |
|
| Statement of responsibility, etc. |
Gwenzadze Mzia; Red. red. Lali Kezba-Khundadze |
| 264 ## - PRODUCTION, PUBLICATION, DISTRIBUTION, MANUFACTURE, AND COPYRIGHT NOTICE |
| Place of production, publication, distribution, manufacture |
Tbilisi : |
| Name of producer, publisher, distributor, manufacturer |
bakur-sulakauri, |
| Date of production, publication, distribution, manufacture, or copyright notice |
2002. |
| 300 ## - PHYSICAL DESCRIPTION |
| Extent |
179 p.. ; |
| Other physical details |
23 cm. |
| 653 ## - INDEX TERM--UNCONTROLLED |
| keyword |
სტილისტიკა |
| 653 ## - INDEX TERM--UNCONTROLLED |
| keyword |
გერმანული ენა |
| 700 ## - ADDED ENTRY--PERSONAL NAME |
| Personal name |
Kezba-Khundadze, Lali |
| Relator term |
რედაქტორი |
| 9 (RLIN) |
12249 |
| 942 ## - ADDED ENTRY ELEMENTS (KOHA) |
| Source of classification or shelving scheme |
|
| Koha item type |
წიგნი |